Rijksmuseum (Record no. 184225)

MARC details
000 -LEADER
campo de control de longitud fija 01097nam a2200289 i 4500
001 - NÚMERO DE CONTROL
campo de control 184225
003 - IDENTIFICADOR DE NÚMERO DE CONTROL
campo de control ES-MaACL
005 - FECHA Y HORA DE LA ÚLTIMA TRANSACCIÓN
campo de control 20250815140002.0
008 - DATOS DE LONGITUD FIJA--INFORMACIÓN GENERAL
campo de control de longitud fija 150522s1973 sp ao e |||| |dspa d
020 ## - NÚMERO INTERNACIONAL ESTÁNDAR DEL LIBRO
Número Internacional Estándar del Libro 84-7017-384-7
080 ## - NÚMERO DE LA CLASIFICACIÓN DECIMAL UNIVERSAL
Número de la Clasificación Decimal Universal 75(492):069.538.7(492.62A.)
100 1# - ENTRADA PRINCIPAL--NOMBRE DE PERSONA
Nombre de persona Faggin, Giorgio T.
9 (RLIN) 150510
245 10 - MENCIÓN DEL TÍTULO
Título Rijksmuseum
Resto del título : pintura : Amsterdam /
Mención de responsabilidad, etc. [introducción de Gerard Van der Hoek ; textos de Giorgio T. Faggin, Raffaele Monti, Ugo Ruggeri ; traducción de Máximo Cortini].
246 34 - FORMA VARIANTE DEL TITULO
Título propio/Titulo breve Enciclopedia de los museos
260 ## - PUBLICACIÓN, DISTRIBUCIÓN, ETC.
Lugar de publicación, distribución, etc. Barcelona :
Nombre del editor, distribuidor, etc. Argos,
Fecha de publicación, distribución, etc. [1973]
300 ## - DESCRIPCIÓN FÍSICA
Extensión 172 p. :
Otras características físicas il. col., fot. ;
Dimensiones 29 cm.
490 1# - MENCIÓN DE SERIE
Mención de serie Enciclopedia de los museos ;
Designación de volumen o secuencia 5
500 ## - NOTA GENERAL
Nota general Índices.
504 ## - NOTA DE BIBLIOGRAFÍA, ETC.
Nota de bibliografía, etc. Bibliografía: p. 168.
610 24 - PUNTO DE ACCESO ADICIONAL DE MATERIA--NOMBRE DE ENTIDAD CORPORATIVA
Nombre de entidad corporativa o nombre de jurisdicción como elemento de entrada Rijksmuseum (Amsterdam)
9 (RLIN) 6450
650 #7 - PUNTO DE ACCESO ADICIONAL DE MATERIA--TÉRMINO DE MATERIA
Término de materia o nombre geográfico como elemento de entrada Pintura holandesa
Fuente del encabezamiento o término embne
9 (RLIN) 159995
700 1# - ENTRADA AGREGADA--NOMBRE PERSONAL
Nombre de persona Cortini, Máximo.
9 (RLIN) 40954
830 0# - PUNTO DE ACCESO ADICIONAL DE SERIE-TÍTULO UNIFORME
Título uniforme Enciclopedia de los museos ;
Designación de volumen o secuencia 5
9 (RLIN) 192084
852 ## - LOCALIZACIÓN
Ubicación ES-MaACL
Número de control de estantería E-15635
Nota libre - enc. guaflex
852 ## - LOCALIZACIÓN
Ubicación ES-MaACL
Número de control de estantería L-30410
Nota libre - enc. guaflex
-- . - Donat. Miguel A. Velasco
Holdings
Estatus retirado Estado de pérdida Estado de daño No para préstamo Biblioteca de origen Biblioteca actual Ubicación en estantería Fecha de adquisición Fuente de adquisición Total de préstamos Signatura topográfica completa Código de barras Visto por última vez Precio de reemplazo Tipo de ítem Koha
        Biblioteca del Ateneo de Madrid Biblioteca del Ateneo de Madrid Depósito 2 22/05/2015     E-15635 1193788 23/02/2023 23/02/2023 Libro impreso
        Biblioteca del Ateneo de Madrid Biblioteca del Ateneo de Madrid Depósito 2 24/06/2016     L-30410 1195493 23/02/2023 23/02/2023 Libro impreso